| 000 | 00482ntaaa2200193 4500 | ||
|---|---|---|---|
| 003 | 01 | ||
| 005 | 20251027202037.0 | ||
| 008 | 0714s1973 ag 01 | ||
| 040 |
_aAR-BaBN _bspa _cAR-BaBN _eaacr _dRIC |
||
| 082 | _a251.0000 P31 | ||
| 100 |
_aPearson, Roy _919053 |
||
| 245 | _aThe preacher: his purpose and practice | ||
| 250 | _a1 ed. | ||
| 260 |
_aPhiladelphia : _bWestminster Press, _cc1962 |
||
| 300 | _a224 p | ||
| 650 |
_ahomilética _91351 |
||
| 650 | _apastor | ||
| 942 | _cBK | ||
| 999 |
_c15249 _d15249 |
||